00273nam a2200109Ia 4500008004100000082001300041100001500054245004200069250000800111260003600119300000800155150301s2009 xx 000 0 und d a641bBEN aBENDER, I. aOXFORD DICTIONARY OF FOOD & NUTRITION a1ST bSNAB. PUBLISHER PVT. LTD.c2009 a585